| 000 | 00543nam a22001817a 4500 | ||
|---|---|---|---|
| 003 | BUBTL | ||
| 008 | 171127b xxu||||| |||| 00| 0 eng d | ||
| 020 | _a81-8247-018-8 | ||
| 082 | _a677AST | ||
| 100 |
_91570 _aAshenhurst,T.R. |
||
| 245 |
_aTextile Calculations And Structure Of Fabrics : _cT.R. Ashenhurst |
||
| 260 |
_aChandigarh : _bAbhishek Publications, _cc2008. |
||
| 300 |
_axii,220 p. : _bill.: _c17.5 cm. |
||
| 650 | 0 |
_9909 _aTextile Engineering |
|
| 856 |
_k0 _l0 _yDownload |
||
| 942 |
_2ddc _cBK |
||
| 999 |
_c5570 _d5570 |
||